000 00624nam a2200241Ia 4500
003 OSt
005 20221005130855.0
006 a|||||r|||| 00| 0
007 ta
008 221004b |||||||| |||| 00| 0 eng d
024 _a43021
037 _cTextual
040 _aCRL
_cCRL
_beng
041 _2eng
_aeng
082 _aO15k, L3
100 _aSahaya Hira Rajavansa
_9638779
245 0 _aSanskrit Sahitya Kosa
260 _c1973
490 _aChowkhamba Rashtrsbhasha series; 16
650 _aSANSKRIT LITERATURE
942 _hO15k, L3
_cTEXL
_2cc
999 _c1058657
_d1058657